Jawaharlal Nehru, an autobiography : (Record no. 20736)
[ view plain ]
| 000 -LEADER | |
|---|---|
| fixed length control field | 01091nam a2200301 a 4500 |
| 001 - CONTROL NUMBER | |
| control field | 1060790 |
| 003 - CONTROL NUMBER IDENTIFIER | |
| control field | BDDh-ASL |
| 005 - DATE AND TIME OF LATEST TRANSACTION | |
| control field | 20231015025929.0 |
| 008 - FIXED-LENGTH DATA ELEMENTS--GENERAL INFORMATION | |
| fixed length control field | 900626s1985 ii b 001 0aeng c |
| 010 ## - LIBRARY OF CONGRESS CONTROL NUMBER | |
| LC control number | 90169925 |
| 020 ## - INTERNATIONAL STANDARD BOOK NUMBER | |
| International Standard Book Number | 0370313135 : |
| Terms of availability | £10.95 |
| 040 ## - CATALOGING SOURCE | |
| Original cataloging agency | CtY |
| Transcribing agency | CtY |
| Modifying agency | BDDh-ASL |
| 043 ## - GEOGRAPHIC AREA CODE | |
| Geographic area code | a-ii--- |
| 050 14 - LIBRARY OF CONGRESS CALL NUMBER | |
| Classification number | DS481.N35 |
| Item number | A3 1989 |
| 082 ## - DEWEY DECIMAL CLASSIFICATION NUMBER | |
| Classification number | 923.2 |
| Item number | JAW |
| 100 1# - MAIN ENTRY--PERSONAL NAME | |
| Personal name | Nehru, Jawaharlal, |
| Dates associated with a name | 1889-1964. |
| 245 10 - TITLE STATEMENT | |
| Title | Jawaharlal Nehru, an autobiography : |
| Remainder of title | with musings on recent events in India / |
| Statement of responsibility, etc. | new foreword by Mark Tully. |
| 260 ## - PUBLICATION, DISTRIBUTION, ETC. | |
| Place of publication, distribution, etc. | Delhi: |
| -- | Bombay: |
| Name of publisher, distributor, etc. | Oxford University Press, |
| -- | Allied Publishers Private Limited, |
| Date of publication, distribution, etc. | 1985. |
| -- | 1962. |
| 300 ## - PHYSICAL DESCRIPTION | |
| Extent | xxiii, 623 p. ; |
| Dimensions | 22 cm. |
| 504 ## - BIBLIOGRAPHY, ETC. NOTE | |
| Bibliography, etc. note | Includes bibliographical references and index. |
| 600 10 - SUBJECT ADDED ENTRY--PERSONAL NAME | |
| Personal name | Nehru, Jawaharlal, |
| Dates associated with a name | 1889-1964. |
| 600 10 - SUBJECT ADDED ENTRY--PERSONAL NAME | |
| Personal name | Gandhi, |
| Titles and other words associated with a name | Mahatma, |
| Dates associated with a name | 1869-1948. |
| 650 #0 - SUBJECT ADDED ENTRY--TOPICAL TERM | |
| Topical term or geographic name entry element | Prime ministers |
| Geographic subdivision | India |
| General subdivision | Biography. |
| 651 #0 - SUBJECT ADDED ENTRY--GEOGRAPHIC NAME | |
| Geographic name | India |
| General subdivision | Politics and government |
| Chronological subdivision | 20th century. |
| 906 ## - LOCAL DATA ELEMENT F, LDF (RLIN) | |
| a | 7 |
| b | cbc |
| c | orignew |
| d | 2 |
| e | ncip |
| f | 19 |
| g | y-gencatlg |
| 942 ## - ADDED ENTRY ELEMENTS (KOHA) | |
| Source of classification or shelving scheme | Dewey Decimal Classification |
| Koha item type | Books |
| Withdrawn status | Lost status | Source of classification or shelving scheme | Damaged status | Not for loan | Collection code | Home library | Current library | Shelving location | Date acquired | Source of acquisition | Total Checkouts | Full call number | Barcode | Date last seen | Copy number | Price effective from | Koha item type | Public note |
|---|---|---|---|---|---|---|---|---|---|---|---|---|---|---|---|---|---|---|
| Dewey Decimal Classification | Not For Loan | Non-fiction | Asiatic Society Library | Asiatic Society Library | Ludden Collection | 01/13/2021 | Donated by Prof. David Ludden | 923.2 JAW | 104215 | 01/13/2021 | C-1 | 01/13/2021 | Books | RARE | ||||
| Dewey Decimal Classification | Non-fiction | Asiatic Society Library | Asiatic Society Library | General Stacks | 04/06/2021 | ASB Library Collections | 923.2 JAW | 108420 | 04/06/2021 | C-2 | 04/06/2021 | Books | Rare |